Tunnista ase - Statistics

Yleistilastot
  • Tätä visaa on pelattu 100 kertaa
  • Keskiarvotulos 5 / 11
Vastaustilastot
Kuvavisa Vastaus % Oikein
Ak-47
100%
Desert eagle
68%
Steyr Aug
65%
M16
59%
Glock 17
58%
Scar-L
48%
Ak-74
34%
44 Magnum
32%
M1911
23%
M-24
17%
Hk-416
13%
Ehtoja vastaavia visoja ei löytynyt
Tulosjakauma
Jokaisen tuloksen saaneiden osuus
Persentiili vastausten määrän mukaan
Tuloshistoriasi
Et ole pelannut tätä visaa